Największe miasta w Rumunii - Statystyki

Ogólne statystyki
  • Ten quiz został rozwiązany 298 razy
  • Średni wynik to 6 z 10
Statystyki odpowiedzi
Lp. Ludność Miasto % Poprawnych
1. 1 877 155 Bukareszt
100%
2. 324 576 Kluż-Napoka
79%
3. 319 279 Timișoara
62%
5. 283 872 Konstanca
59%
6. 269 506 Krajowa
51%
7. 253 200 Braszów
50%
4. 290 422 Jassy
49%
8. 249 432 Gałacz
38%
10. 196 367 Oradea
37%
9. 209 945 Ploeszti
34%
Nie znaleziono quizów pasujących do podanych kryteriów
Rozkład punktacji
Procent ludzi z każdym wynikiem
Percentyl według liczby udzielonych odpowiedzi
Twoja historia wyników
Nie rozwiązałeś tego quizu